Reglamento de la Escuela Provincial de Corte
Descripción Física:
8 p. ; 21 cm
MARC
| LEADER | 00000nam a2200000Ia 4500 | ||
|---|---|---|---|
| 001 | 10283 | ||
| 003 | BGR | ||
| 005 | 20260410113713.0 | ||
| 008 | 160829s1899 xx 000 0 cat d | ||
| 080 | |a RF-7-32 | ||
| 110 | 1 | |a Escuela Provincial de Corte (Barcelona) |9 70842 | |
| 245 | |a Reglamento de la Escuela Provincial de Corte | ||
| 260 | |a Barcelona : |b [Diputació], |c 1899 | ||
| 300 | |a 8 p. ; |c 21 cm | ||
| 590 | |a Hi ha un duplicat a: DUP-186-36, que prové de 2372, exp. 10 | ||
| 650 | |a Escuela Províncial de Corte (Barcelona) |x Reglaments i procediment |9 48477 | ||
| 710 | 1 | |a Barcelona (Catalunya : Província). |b Diputació |9 52408 | |
| 856 | 4 | |u https://media.diba.cat/diba/fitxers/arxiu/fulletons/bib_10283_1899_baixa.pdf |y Accés lliure | |
| 856 | 4 | |u https://media.diba.cat/diba/fitxers/arxiu/fulletons/bib_10283_1899_baixa.pdf |y Accés lliure | |
| 900 | |a bib_10283_1899_baixa.pdf | ||
| 901 | |a Arxiu | ||
| 942 | |n 1 |2 udc |c MON | ||
| 952 | |0 0 |1 0 |4 0 |6 RF732 |7 1 |9 54582 |a Arxiu |b Arxiu |d 2016-12-01 |l 0 |o RF-7-32 |p 10283 |r 2016-12-01 00:00:00 |w 2016-12-01 |y ARXIU | ||
| 999 | |c 58451 |d 58451 | ||